00832cam a22002531 450000100060000000300080000600500170001400800390003103500190007003500190008904000290010804100080013708200200014510000340016524500440019926000650024330000340030850400390034265000200038165000190040194200120042099900170043295201290044918031BD-RjUL20211209000228.0140219r19531949nyua b 001 1 eng a(BD-RjUL)18089 a(OCoLC)2083199 aDLCcFMFIUdBD-RjULbeng aeng00a808.5bSOB 19531 aSoper, Paul L.,d1906-95557810aBasic public speaking /cPaul L. Soper. aNew York :bOxford University Press,cc1949 [Printing 1953]. axxi, 394. :cillus. ;c22 cm. aIncludes bibliographies and index. 0aOratory.947362 0aSpeech.955579 2ddccBK c18031d18031 00102ddc40718FICaRUCLbRUCLcReadingd1955-02-07eB. C. L.l0o808.5 SOB 1953r2014-02-19 00:00:00tC-1w2021-12-09yBK